A pony in trouble / (Record no. 1065)

MARC details
000 -LEADER
fixed length control field 01178nam a2200361 a 4500
005 - DATE AND TIME OF LATEST TRANSACTION
control field 20230815155833.0
020 ## - INTERNATIONAL STANDARD BOOK NUMBER
International Standard Book Number 0590485857
040 ## - CATALOGING SOURCE
Original cataloging agency NjPRFB
Transcribing agency NjPRFB
Modifying agency IU
-- DLC
Language of cataloging eng
050 00 - LIBRARY OF CONGRESS CALL NUMBER
Classification number PZ7.B46626
Item number Po 1995
082 00 - DEWEY DECIMAL CLASSIFICATION NUMBER
Classification number [Fic]
Edition number 20
100 1# - MAIN ENTRY--PERSONAL NAME
Personal name Betancourt, Jeanne
245 12 - TITLE STATEMENT
Title A pony in trouble /
Statement of responsibility, etc. Jeanne Betancourt ; illustrated by Paul Bachem.
260 ## - PUBLICATION, DISTRIBUTION, ETC.
Place of publication, distribution, etc. New York :
Name of publisher, distributor, etc. Scholastic,
Date of publication, distribution, etc. 1995.
300 ## - PHYSICAL DESCRIPTION
Extent 96 pages :
Other physical details illustrations ;
Dimensions 20 cm
490 1# - SERIES STATEMENT
Series statement Pony Pals ;
Volume/sequential designation #Book 3
500 ## - GENERAL NOTE
General note "Little apple paperback."
505 ## - FORMATTED CONTENTS NOTE
Formatted contents note O <br/>
520 ## - SUMMARY, ETC.
Summary, etc. Pam's Pony Pals try to help her find out what is making her pretty pony sick.
521 0# - TARGET AUDIENCE NOTE
Target audience note 620 <br/>
Source Lexile <br/>
521 1# - TARGET AUDIENCE NOTE
Target audience note O <br/>
Source Raz-Plus <br/>
650 #0 - SUBJECT ADDED ENTRY--TOPICAL TERM
Topical term or geographic name entry element American fiction
Chronological subdivision 20th century.
650 #0 - SUBJECT ADDED ENTRY--TOPICAL TERM
Topical term or geographic name entry element Ponies
General subdivision Juvenile fiction.
650 #0 - SUBJECT ADDED ENTRY--TOPICAL TERM
Topical term or geographic name entry element Friendship
General subdivision Juvenile fiction.
650 #0 - SUBJECT ADDED ENTRY--TOPICAL TERM
Topical term or geographic name entry element Dyslexia
General subdivision Juvenile fiction.
650 #1 - SUBJECT ADDED ENTRY--TOPICAL TERM
Topical term or geographic name entry element Ponies
General subdivision Fiction.
650 #1 - SUBJECT ADDED ENTRY--TOPICAL TERM
Topical term or geographic name entry element Friendship
General subdivision Fiction.
650 #1 - SUBJECT ADDED ENTRY--TOPICAL TERM
Topical term or geographic name entry element Dyslexia
General subdivision Fiction.
700 1# - ADDED ENTRY--PERSONAL NAME
Personal name Bachem, Paul
Relator term illustrator.
906 ## - LOCAL DATA ELEMENT F, LDF (RLIN)
a 7
b cbc
c copycat
d 3
e ncip
f 19
g y-gencatlg
942 ## - ADDED ENTRY ELEMENTS (KOHA)
Source of classification or shelving scheme Dewey Decimal Classification
Koha item type Books
Suppress in OPAC No
999 ## -
-- 1065
-- 1065
Holdings
Withdrawn status Lost status Source of classification or shelving scheme Damaged status Not for loan Collection Home library Current library Shelving location Date acquired Total Checkouts Full call number Barcode Date last seen Date last checked out Price effective from Koha item type
    Dewey Decimal Classification     Juvenile Fiction Footprints International School Library Network Toul Kork Campus Footprints International School Library Network Toul Kork Campus   07/19/2023 2 BET Fic PZ7.B46626 FIS00493 03/05/2024 02/27/2024 07/19/2023 Books